[Event "Lamia-ch 1213"]
[Site "Lamia"]
[Date "2013.03.03"]
[Round "14"]
[White "Tsoumas, Ilias"]
[Black "Tsitouras, Konstantinos"]
[Result "1/2-1/2"]
[WhiteElo "2003"]
[BlackElo "1667"]
[PlyCount "61"]
[EventDate "2012.12.02"]
[EventType "tourn"]
[EventRounds "15"]
[EventCountry "GRE"]
[SourceTitle "EXT 2024"]
[Source "ChessBase"]
[SourceDate "2023.10.10"]
[SourceVersion "1"]
[SourceVersionDate "2023.10.10"]
[SourceQuality "1"]

1. d4 d5 2. Nf3 Nf6 3. Bf4 e6 4. e3 Be7 5. Nbd2 0-0 6. Bd3 c5 7. c3 Nc6 8. Ne5 cxd4 9. exd4 Nd7 10. 0-0 f5 11. h3 Ndxe5 12. Bxe5 Nxe5 13. dxe5 Qb6 14. Nb3 Bd7 15. Qe2 Rfd8 16. Rfd1 Ba4 17. Bc2 Bxb3 18. Bxb3 a5 19. Ba4 Rac8 20. Rac1 Rc4 21. Qc2 Bc5 22. Rd2 Re4 23. Re2 Qc7 24. Rxe4 fxe4 25. b4 Bb6 26. bxa5 Bxa5 27. Rb1 b6 28. Rb3 Qxe5 29. Bb5 Rc8 30. c4 Rc5 31. Qe2 1/2-1/2